Sports Quiz

Random Sports or Football Quiz

Can you name the volleyball positions? Quiz Stats

 Plays Quiz not verified by Sporcle

Score 0/6 Timer 01:00
0 Plays Today
Volleyball Positions Position % Correct
Middle front hitter
98.8%
Right front hitter
75.3%
Right backpasser
43.2%
Middle backPasser
43.2%
Left backqPasser
43.2%
Right fronthitter & setter
13.6%

You're not logged in!

Compare scores with friends on all Sporcle quizzes.
OR
Log In

Show Comments

Extras

Created Dec 1, 2010ReportNominate
Tags:Football Quiz, volleyball

Top Quizzes Today


Score Distribution

Your Account Isn't Verified!

In order to create a playlist on Sporcle, you need to verify the email address you used during registration. Go to your Sporcle Settings to finish the process.

Report this User

Report this user for behavior that violates our Community Guidelines.

Details: